[Event "2nd Washington Int"]
[Site "Rockville USA"]
[Date "2013.08.08"]
[Round "3.13"]
[White "Chirila, Ioan-Cristian"]
[Black "Vibbert, Sean"]
[Result "1-0"]
[WhiteTitle "GM"]
[WhiteElo "2520"]
[BlackElo "2317"]
[WhiteFideId "1211668"]
[BlackFideId "2030292"]
[EventDate "2013.08.06"]

1. e4 c5 2. Nf3 Nc6 3. Bb5 d6 4. O-O Bd7 5. Re1 Nf6 6. c3 a6 7. Bf1 Bg4 8. h3
Bh5 9. g4 Bg6 10. d4 e5 11. d5 Nb8 12. Nbd2 Be7 13. b4 Nbd7 14. a4 h5 15. Nh2
hxg4 16. hxg4 c4 17. a5 b5 18. axb6 Nxb6 19. Bg2 Nh7 20. Ndf1 Bg5 21. Nf3 Bxc1
22. Qxc1 Nf6 23. N3h2 Nfd7 24. Qe3 Qh4 25. Ra5 Kd8 26. Rea1 Kc7 27. Rxa6 Rxa6
28. Rxa6 Kb7 29. Ra5 f6 30. Qg3 Qh7 31. Nd2 Qh6 32. Nhf1 Qf4 33. Ne3 Rc8 34. Bf1
Qg5 35. Ra1 Qh6 36. Ndxc4 Nxc4 37. Nxc4 Rxc4 38. Bxc4 Nb6 39. g5 fxg5 40. Bd3
Be8 41. c4 1-0

[Event "2nd Washington Int"]
[Site "Rockville USA"]
[Date "2013.08.07"]
[Round "3.15"]
[White "Kleinman, Michael"]
[Black "Yang, Darwin"]
[Result "0-1"]
[WhiteTitle "FM"]
[BlackTitle "IM"]
[WhiteElo "2280"]
[BlackElo "2480"]
[WhiteFideId "2609479"]
[BlackFideId "2029111"]
[EventDate "2013.08.06"]

1. c4 c5 2. Nf3 Nc6 3. d4 cxd4 4. Nxd4 Nf6 5. Nc3 e6 6. a3 Bc5 7. Ndb5 O-O 8.
Nd6 Qe7 9. Nxc8 Raxc8 10. e3 d5 11. Be2 Rfd8 12. cxd5 exd5 13. Na4 d4 14. Nxc5
dxe3 15. Nd3 exf2+ 16. Kf1 Ne5 17. Bg5 h6 18. Bh4 Rd7 19. a4 Rcd8 20. Ra3 Nc4
21. Bxf2 Nxa3 22. Qb3 Ne4 23. Qxa3 Qxa3 24. bxa3 Rxd3 25. Bxd3 Rxd3 26. Be1 Rxa3
27. a5 Nd6 28. Ke2 Nc4 0-1

[Event "2nd Washington Int"]
[Site "Rockville USA"]
[Date "2013.08.07"]
[Round "3.16"]
[White "Harmon-Vellotti, Luke"]
[Black "Kahn, Aaron E"]
[Result "1-0"]
[WhiteTitle "FM"]
[WhiteElo "2399"]
[BlackElo "2266"]
[WhiteFideId "2030012"]
[BlackFideId "2025701"]
[EventDate "2013.08.06"]

1. e4 e6 2. d4 d5 3. Nc3 Bb4 4. e5 b6 5. f4 Nc6 6. Nf3 Bb7 7. Bd3 Qd7 8. O-O
O-O-O 9. Ne2 f6 10. c3 Bf8 11. b4 a5 12. a3 Kb8 13. Rb1 Nge7 14. Bb5 Qc8 15. Qa4
axb4 16. axb4 Na7 17. Bd3 Qd7 18. b5 Nec8 19. Ba3 c6 20. Bxf8 cxb5 21. Bxb5 Nxb5
22. Bxg7 Qxg7 23. exf6 Qxf6 24. Qxb5 Rhg8 25. Ne5 Rg7 26. Qd3 Rc7 27. Rb2 Qf5
28. Ra1 Rg8 29. Qxf5 exf5 30. h3 Bc6 31. Kh2 Be8 32. g4 fxg4 33. hxg4 Kb7 34. f5
h5 35. Nf4 hxg4 36. Nxd5 Rh7+ 37. Kg1 Rgh8 38. Rab1 b5 39. Nf6 Rh4 40. Kg2 Rh2+
41. Kg3 R2h3+ 42. Kf4 Nd6 43. Nxe8 Rxe8 44. c4 g3 45. Kg4 Rh2 46. Rxb5+ Nxb5 47.
Rxb5+ Kc7 48. Rc5+ Kb6 49. Kxg3 Rd2 50. Rd5 Rg8+ 51. Kf3 Rgg2 52. f6 Rgf2+ 53.
Kg3 Rg2+ 54. Kf4 Rgf2+ 55. Kg5 Rd1 56. Kg6 1-0

[Event "2nd Washington Int"]
[Site "Rockville USA"]
[Date "2013.08.07"]
[Round "3.17"]
[White "Kane, Jeremy"]
[Black "Sevian, Samuel"]
[Result "0-1"]
[BlackTitle "FM"]
[WhiteElo "2196"]
[BlackElo "2388"]
[WhiteFideId "2027852"]
[BlackFideId "2040506"]
[EventDate "2013.08.06"]

1. Nf3 d5 2. d4 Nf6 3. c4 c6 4. e3 Bf5 5. Nc3 e6 6. Nh4 Be4 7. f3 Bg6 8. Qb3 Qc7
9. Bd2 Nbd7 10. cxd5 Nxd5 11. Nxg6 hxg6 12. Nxd5 exd5 13. O-O-O Be7 14. Kb1 O-O
15. e4 dxe4 16. fxe4 c5 17. Bc4 cxd4 18. Rhf1 Bf6 19. Bf4 Qc5 20. Bd5 Nb6 21.
Rc1 Qa5 22. Bc7 Rfe8 23. Qg3 Qb5 24. Bb3 Nd7 25. a4 Qh5 26. Bd5 Be5 27. Bxe5
Nxe5 28. Rf4 Qe2 29. Rf2 Qa6 30. Qb3 Re7 31. Rd2 d3 32. Qb4 Qf6 33. Ka2 Rd8 34.
Qd4 Qg5 35. Rcd1 b6 36. h4 Qxh4 37. g3 Qg4 38. Rh1 Nf3 39. Qxd3 Nxd2 40. Qxd2
Qxe4 41. Rh8+ Kxh8 42. Qh2+ Kg8 43. Bxe4 Rxe4 44. b3 b5 45. axb5 Re5 46. b6 axb6
47. g4 Rc5 48. g5 Rxg5 49. Qc7 Ra8+ 50. Kb2 b5 51. Kc3 Rf5 52. Kb4 Re8 53. Qc6
Rfe5 54. Ka5 g5 55. b4 g4 56. Qc3 Re3 57. Qc1 g3 58. Qg1 R8e5 59. Qg2 Ra3+ 60.
Kb6 Rg5 61. Qd2 Rg6+ 62. Kxb5 Ra8 63. Qg2 Rb8+ 64. Kc5 Rg5+ 65. Kd6 Rxb4 66. Ke7
Ra5 67. Qh3 Ra7+ 68. Kd6 Rb6+ 69. Ke5 Re7+ 70. Kf4 Rf6+ 71. Kg5 Re5+ 72. Kg4 g2 0-1

[Event "2nd Washington Int"]
[Site "Rockville USA"]
[Date "2013.08.07"]
[Round "3.19"]
[White "Lee, Megan"]
[Black "Paikidze, Nazi"]
[Result "0-1"]
[WhiteTitle "WFM"]
[BlackTitle "IM"]
[WhiteElo "2084"]
[BlackElo "2377"]
[WhiteFideId "2029618"]
[BlackFideId "13603620"]
[EventDate "2013.08.06"]

1. e4 c5 2. Nc3 d6 3. f4 Nc6 4. Nf3 g6 5. Bc4 Bg7 6. O-O Nf6 7. d3 O-O 8. Qe1
Nd4 9. Nxd4 cxd4 10. Nd1 Nd7 11. a4 Qc7 12. a5 Rb8 13. b4 b6 14. Bb2 bxa5 15.
Rxa5 Nb6 16. Bb3 Be6 17. Bxe6 fxe6 18. c3 Nd7 19. c4 e5 20. f5 gxf5 21. exf5 Kh8
22. g4 Bf6 23. Nf2 Rg8 24. h3 Bh4 25. Qa1 Nf6 26. Rxa7 Qc6 27. Qd1 Rxb4 28. Bc1
Rb1 29. Qc2 Rxc1 30. Qxc1 Qf3 31. Ra2 Bg5 32. Ne4 Be3+ 33. Kh2 Nxg4+ 34. hxg4
Qxg4 0-1

[Event "2nd Washington Int"]
[Site "Rockville USA"]
[Date "2013.08.07"]
[Round "3.20"]
[White "Schuyler, James"]
[Black "Li, Ruifeng"]
[Result "1/2-1/2"]
[WhiteTitle "FM"]
[BlackTitle "CM"]
[WhiteElo "2333"]
[BlackElo "2246"]
[WhiteFideId "2001861"]
[BlackFideId "2061074"]
[EventDate "2013.08.06"]

1. d4 d5 2. Bf4 Nf6 3. e3 c5 4. c3 Nc6 5. Nf3 Qb6 6. Qb3 c4 7. Qxb6 axb6 8. Na3
Bf5 9. Ne5 Ra5 10. f3 b5 11. g4 Be6 12. Nc2 g6 13. Kd2 Bg7 14. Be2 O-O 15. Rhb1
Rfa8 16. b3 Ne8 17. a3 f6 18. Nxc6 bxc6 19. b4 R5a7 20. Ra2 Nd6 21. Bxd6 exd6
22. Rba1 Kf7 23. Ne1 g5 24. Bd1 f5 25. gxf5 Bxf5 26. a4 bxa4 27. Rxa4 Rxa4 28.
Rxa4 Rxa4 29. Bxa4 Bd7 30. e4 Ke6 31. Ng2 dxe4 32. fxe4 d5 33. Ne3 dxe4 34. Bc2
h5 35. Bxe4 Be8 36. Nxc4 g4 37. Ne3 Bh6 38. Kd3 Bf4 39. Nf1 h4 40. c4 Bd7 41. c5
Ke7 1/2-1/2

[Event "2nd Washington Int"]
[Site "Rockville USA"]
[Date "2013.08.07"]
[Round "3.21"]
[White "Chandra, Akshat"]
[Black "Barron, Michael"]
[Result "0-1"]
[WhiteTitle "FM"]
[BlackTitle "FM"]
[WhiteElo "2328"]
[BlackElo "2177"]
[WhiteFideId "25006711"]
[BlackFideId "2605120"]
[EventDate "2013.08.06"]

1. e4 e5 2. Nf3 Nc6 3. Bb5 a6 4. Ba4 Nf6 5. O-O Be7 6. Re1 b5 7. Bb3 O-O 8. a4
b4 9. d3 d6 10. a5 Be6 11. Nbd2 Rb8 12. Bc4 Qc8 13. b3 Re8 14. Bb2 Bf8 15. Nf1
Bg4 16. h3 Bxf3 17. Qxf3 Nd4 18. Bxd4 exd4 19. Ng3 Re5 20. Ne2 Qb7 21. Nxd4 Rbe8
22. Red1 c6 23. Nf5 d5 24. exd5 cxd5 25. d4 Rxf5 26. Qxf5 dxc4 27. bxc4 Qc6 28.
Qd3 Rc8 29. c5 Nd5 30. Re1 g6 31. Qf3 Bg7 32. Rad1 Rd8 33. Rd2 Bf6 34. g3 Kg7
35. h4 h5 36. Qe2 Nc7 37. Qe4 Qb5 38. Rb1 Qxa5 39. Qe3 Nd5 40. Qb3 Qc7 41. Ra1
a5 42. Qc4 Nc3 43. Re1 Qc6 44. Rd3 Rd5 45. Rd2 Kh7 46. Ra1 Qc7 47. Re1 Qd8 48.
c6 Nb5 49. Kg2 Kg7 50. Re8 Qd6 51. Rb8 Nc7 52. Rb7 Bd8 53. Rd3 Qe6 54. Re3 Qf5
55. f4 Rd6 56. Re5 Qg4 57. d5 Qd1 58. Qc5 Nxd5 59. Rd7 Bb6 60. Rxd6 Bxc5 0-1

[Event "2nd Washington Int"]
[Site "Rockville USA"]
[Date "2013.08.07"]
[Round "3.23"]
[White "Martin Del Campo C., Jorge"]
[Black "Rohonyan, Katerina"]
[Result "0-1"]
[WhiteTitle "FM"]
[BlackTitle "WGM"]
[WhiteElo "2135"]
[BlackElo "2299"]
[WhiteFideId "5101034"]
[BlackFideId "14107503"]
[EventDate "2013.08.06"]

1. d4 d5 2. c4 c6 3. Nf3 Nf6 4. e3 g6 5. Nc3 Bg7 6. Bd3 O-O 7. O-O Bg4 8. h3
Bxf3 9. Qxf3 e6 10. b3 Nbd7 11. Ba3 Re8 12. Rac1 Nb6 13. Rfd1 Qd7 14. Bb2 Rad8
15. e4 dxe4 16. Nxe4 Nxe4 17. Bxe4 Qe7 18. Ba1 Rd7 19. a4 a6 20. Qe3 Red8 21.
Bf3 Nc8 22. Bc3 Qh4 23. d5 cxd5 24. Bxg7 Kxg7 25. cxd5 exd5 26. Rxd5 Rxd5 27.
Bxd5 Rxd5 28. Rxc8 Rd1+ 29. Kh2 Qf6 30. Qc3 Rd4 31. Kg1 h5 32. h4 Rd1+ 33. Kh2
Qxc3 34. Rxc3 Rd4 35. g3 Kf6 36. Kg2 Rb4 37. Kf3 Ke5 38. Ke3 f6 39. Rc5+ Kd6 40.
Rc3 g5 41. f4 gxf4+ 42. gxf4 Ke6 43. Kf3 b6 44. Rd3 a5 45. Kg3 Kf5 46. Rf3 Rd4
47. Rc3 Rxf4 48. Rd3 Rg4+ 49. Kh3 Rb4 50. Kg3 Ke4 51. Rf3 f5 52. Rc3 Rd4 53. Kf2
Rd2+ 54. Ke1 Rd3 0-1

[Event "2nd Washington Int"]
[Site "Rockville USA"]
[Date "2013.08.07"]
[Round "3.24"]
[White "Uesugi, Shinsaku"]
[Black "Prathiba, Yuvarajan"]
[Result "1-0"]
[WhiteTitle "FM"]
[BlackTitle "WIM"]
[WhiteElo "2292"]
[BlackElo "2174"]
[WhiteFideId "2024578"]
[BlackFideId "5009871"]
[EventDate "2013.08.06"]

1. e4 e5 2. Nf3 Nc6 3. d4 exd4 4. Bc4 Bc5 5. c3 Qe7 6. O-O Ne5 7. cxd4 Nxf3+ 8.
gxf3 Bb6 9. Kh1 d6 10. Nc3 c6 11. Rg1 f6 12. a4 Bd7 13. b4 g5 14. a5 Bc7 15. b5
h5 16. a6 bxa6 17. bxc6 Bxc6 18. Rxa6 Bb7 19. Qa4+ Kf8 20. Rxa7 Rxa7 21. Qxa7
Bd8 22. Ba3 Qc7 23. Bxd6+ Qxd6 24. Qxb7 Ne7 25. Rd1 Qf4 26. Be2 Kg7 27. Nd5 Qd6
28. Ra1 Kh6 29. Ra6 Nc6 30. Qxc6 Qb8 31. Nxf6 1-0

[Event "2nd Washington Int"]
[Site "Rockville USA"]
[Date "2013.08.07"]
[Round "3.26"]
[White "Thompson, Ian D"]
[Black "Chevannes, Sabrina L"]
[Result "1/2-1/2"]
[WhiteTitle "FM"]
[BlackTitle "WFM"]
[WhiteElo "2260"]
[BlackElo "2160"]
[WhiteFideId "405205"]
[BlackFideId "411280"]
[EventDate "2013.08.06"]

1. c4 e6 2. Nf3 d5 3. e3 Nf6 4. Nc3 Be7 5. d4 O-O 6. Bd3 a6 7. b3 c5 8. O-O Nc6
9. Bb2 cxd4 10. exd4 Bd7 11. Qe2 Rc8 12. Rac1 Qa5 13. c5 b6 14. Bxa6 Rb8 15.
cxb6 Nb4 16. Bd3 Nxd3 17. Qxd3 Rxb6 18. Ne5 Be8 19. Rfe1 Nd7 20. Ng4 Nf6 21. Ne5
Nd7 22. f4 Nxe5 23. fxe5 f6 24. exf6 Bxf6 25. Ra1 Qa7 26. Ne2 Bg6 27. Qg3 Qe7
28. Rec1 Bg5 29. Ba3 Qxa3 30. Qxg5 Qb2 31. Qe3 Be4 32. Re1 Rc6 33. Rac1 Rxc1 34.
Rxc1 Qxa2 35. h3 Rb8 36. Qg3 Re8 37. Rc7 Bg6 38. Qe5 Bf7 39. Rb7 Qa6 40. Rb8 Qc6
41. Nf4 h6 42. Rxe8+ Qxe8 43. Qd6 Qc8 44. Kh2 g5 45. Nd3 Qc3 46. Qb8+ Kg7 47.
Qe5+ Kh7 48. Nc5 Qd2 49. Qf6 Kg8 50. Nd7 Qf4+ 51. Qxf4 gxf4 52. Nc5 e5 53. dxe5
d4 54. Kg1 Bd5 55. b4 Bc4 56. Ne4 d3 57. Kf2 Kf8 58. g3 fxg3+ 59. Kxg3 Ke7 60.
Kf4 Bd5 61. Nd2 Ke6 62. b5 Bb7 63. b6 Kd5 64. h4 Kc6 65. Nc4 Kd5 66. Ne3+ Ke6
67. h5 d2 68. Nd1 Bc6 69. Nc3 Bb7 70. Nd1 Bc6 71. Nf2 Bb7 72. Ke3 d1=Q 73. Nxd1
Kxe5 74. Nf2 Kf5 75. Kd4 Kg5 76. Ne4+ Kxh5 77. Nc5 Bc6 78. Nd3 Bb7 79. Ne5 Kg5
80. Nf7+ Kg6 81. Nxh6 Kxh6 82. Kc5 1/2-1/2

[Event "2nd Washington Int"]
[Site "Rockville USA"]
[Date "2013.08.07"]
[Round "4.3"]
[White "Thavandiran, Shiyam"]
[Black "Sundararajan, Kidambi"]
[Result "1/2-1/2"]
[WhiteTitle "FM"]
[BlackTitle "GM"]
[WhiteElo "2357"]
[BlackElo "2458"]
[WhiteFideId "2605058"]
[BlackFideId "5005370"]
[EventDate "2013.08.06"]

1. e4 c6 2. d4 d5 3. e5 Bf5 4. h4 h6 5. g4 Bd7 6. c3 e6 7. Nf3 c5 8. dxc5 Bxc5
9. b4 Bb6 10. Bd3 Nc6 11. Qe2 Nge7 12. Na3 a6 13. b5 Na5 14. bxa6 bxa6 15. h5
Qc7 16. Bd2 Bc5 17. Nc2 Nc4 18. Ncd4 Nc6 19. Nxc6 Bxc6 20. O-O O-O 21. Bf4 f6
22. Bh2 Qa7 23. Rae1 Rae8 24. Bg6 fxe5 25. Bxe8 Bxe8 26. Nxe5 Nxe5 27. Qxe5
Bxf2+ 28. Kg2 Bxe1 29. Rxf8+ Kxf8 30. Qxe1 Qe7 31. Qf1+ Kg8 32. Qxa6 e5 33. Qc8
d4 34. cxd4 exd4 35. Qc4+ Bf7 36. Qxd4 Qe2+ 37. Kg3 Bxa2 38. Qf2 Qe6 39. Bg1 Bd5
40. Qe3 Qc6 41. Qc5 Qxc5 1/2-1/2

[Event "2nd Washington Int"]
[Site "Rockville USA"]
[Date "2013.08.07"]
[Round "4.4"]
[White "Troff, Kayden W"]
[Black "Mulyar, Michael A."]
[Result "0-1"]
[WhiteTitle "IM"]
[BlackTitle "IM"]
[WhiteElo "2428"]
[BlackElo "2389"]
[WhiteFideId "2047896"]
[BlackFideId "2008742"]
[EventDate "2013.08.06"]

1. d4 d5 2. c4 c6 3. Nf3 Nf6 4. e3 e6 5. Bd3 Bd6 6. Nbd2 O-O 7. O-O Nbd7 8. e4
e5 9. cxd5 cxd5 10. Re1 h6 11. b3 dxe4 12. Nxe4 Nxe4 13. Bxe4 Nf6 14. dxe5 Bxe5
15. Qxd8 Rxd8 16. Nxe5 Nxe4 17. Bxh6 Nxf2 18. Bg5 f6 19. Kxf2 fxg5 20. Rad1 Rxd1
21. Rxd1 Be6 22. Nf3 g4 23. Nd4 Rd8 24. Rd2 a5 25. Ke3 Bc8 26. Rc2 Re8+ 27. Kf4
Rf8+ 28. Ke5 Re8+ 29. Kd6 Rd8+ 30. Kc7 Rxd4 31. Kxc8 b5 32. Kb7 Rd6 33. g3 Rh6
34. a4 bxa4 35. bxa4 Kf7 36. Rc7+ Kg8 37. Rc2 Kf7 0-1

[Event "2nd Washington Int"]
[Site "Rockville USA"]
[Date "2013.08.07"]
[Round "4.7"]
[White "Lenderman, Aleksandr"]
[Black "Harmon-Vellotti, Luke"]
[Result "1-0"]
[WhiteTitle "GM"]
[BlackTitle "FM"]
[WhiteElo "2527"]
[BlackElo "2399"]
[WhiteFideId "2021285"]
[BlackFideId "2030012"]
[EventDate "2013.08.06"]

1. d4 Nf6 2. c4 e6 3. Nc3 Bb4 4. g3 O-O 5. Bg2 d5 6. Nf3 dxc4 7. O-O c5 8. dxc5
Nc6 9. Qxd8 Rxd8 10. Bg5 e5 11. Rac1 Bxc5 12. Na4 Be7 13. Rxc4 Be6 14. Rxc6 bxc6
15. Nxe5 Nd5 16. h4 Rac8 17. Rc1 h6 18. Bxe7 Nxe7 19. Nc5 Rd2 20. Nxe6 fxe6 21.
Nc4 Rd5 22. e3 g6 23. Kf1 Kg7 24. Rc2 Rd1+ 25. Ke2 Rcd8 26. Be4 Kf6 27. Na5 g5
28. hxg5+ hxg5 29. Nb7 R8d7 30. Nc5 Rd8 31. Bd3 Ra1 32. Ne4+ Kg7 33. Nxg5 Kf6
34. Ne4+ Kg7 35. Nc5 Kf6 36. a3 e5 37. Ne4+ Kg7 38. Nd2 Kf6 39. Be4 Rc8 40. Nb3
Ra2 41. Rd2 Rb8 42. Bb1 Rxa3 43. bxa3 Rxb3 44. Rd6+ Kg7 45. Be4 Rxa3 46. Re6 Kf7
47. Rxe5 a5 48. f4 Ra2+ 49. Kf3 Ra1 50. g4 a4 51. Ra5 a3 52. Bd3 Nd5 53. Bc4 Kf8
54. Ke4 Nb4 55. Ra8+ Ke7 56. Ke5 a2 57. f5 Rh1 58. f6+ Kd7 59. Ra7+ 1-0

[Event "2nd Washington Int"]
[Site "Rockville USA"]
[Date "2013.08.08"]
[Round "4.8"]
[White "Ostrovskiy, Aleksandr A"]
[Black "Chirila, Ioan-Cristian"]
[Result "1/2-1/2"]
[WhiteTitle "FM"]
[BlackTitle "GM"]
[WhiteElo "2410"]
[BlackElo "2520"]
[WhiteFideId "2034239"]
[BlackFideId "1211668"]
[EventDate "2013.08.06"]

1. e4 e5 2. Nf3 Nc6 3. Bc4 Nf6 4. d3 Bc5 5. O-O d6 6. Be3 O-O 7. Bxc5 dxc5 8.
Nc3 Bg4 9. h3 Bh5 10. Nd5 Nxd5 11. Bxd5 Bxf3 12. Qxf3 Nd4 13. Qd1 c6 14. Bb3 b6
15. c3 Nxb3 16. axb3 Qd6 17. Re1 a5 18. Qc2 Rad8 19. Re3 Rd7 20. Rf1 Rfd8 21. g3
Qe6 22. Kg2 Rd6 23. f4 Qd7 24. Rff3 Rh6 25. g4 exf4 26. Rxf4 Rd6 27. Rff3 f6 28.
Qe2 h6 29. Rg3 Re8 30. Rgf3 Rd8 31. Rg3 Re8 32. Rgf3 Rd8 1/2-1/2

[Event "2nd Washington Int"]
[Site "Rockville USA"]
[Date "2013.08.07"]
[Round "4.9"]
[White "Shetty, Atulya"]
[Black "Abreu Delgado, Aryam"]
[Result "1/2-1/2"]
[WhiteTitle "FM"]
[BlackTitle "GM"]
[WhiteElo "2341"]
[BlackElo "2483"]
[WhiteFideId "2031213"]
[BlackFideId "3502589"]
[EventDate "2013.08.06"]

1. c4 c5 2. g3 Nc6 3. Nc3 g6 4. Bg2 Bg7 5. Nf3 d6 6. O-O e6 7. d3 Nge7 8. a3 b6
9. Rb1 Bb7 10. Bg5 h6 11. Bd2 Qd7 12. b4 Rd8 13. Qc1 g5 14. b5 Ne5 15. Nxe5 dxe5
16. Bxb7 Qxb7 17. a4 Nf5 18. a5 Nd4 19. Be3 f5 20. Qa3 Ra8 21. Rb2 Rb8 22. Ra2
Qc7 23. Rfa1 Kf7 24. axb6 axb6 25. Qa7 Rb7 26. Qxb7 Qxb7 27. Ra7 Rb8 28. Rxb7+
Rxb7 29. Ra8 Bf8 30. Kf1 Bd6 31. Na4 Bb8 32. Bd2 Ke7 33. Bc3 g4 34. Bb2 h5 35.
Ba3 Nc2 36. Bc1 Nd4 37. Ba3 Nc2 38. Bc1 Nd4 39. Ra6 Ba7 40. Ba3 Kd8 41. Bc1 Kd7
42. Bg5 Nc2 43. Bf6 Nb4 44. Bxe5 Ke7 45. Nc3 Nxa6 46. bxa6 Rd7 47. Nb5 Kd8 48.
Ke1 Kc8 49. Nd6+ Kd8 50. Nb5 Kc8 51. Nd6+ 1/2-1/2

[Event "2nd Washington Int"]
[Site "Rockville USA"]
[Date "2013.08.07"]
[Round "4.10"]
[White "Yang, Darwin"]
[Black "Neimer, Vitaly"]
[Result "1/2-1/2"]
[WhiteTitle "IM"]
[BlackTitle "IM"]
[WhiteElo "2480"]
[BlackElo "2379"]
[WhiteFideId "2029111"]
[BlackFideId "2807017"]
[EventDate "2013.08.06"]

1. d4 Nf6 2. c4 e6 3. Nc3 Bb4 4. e3 O-O 5. Ne2 Re8 6. a3 Bf8 7. Ng3 d5 8. Be2 b6
9. O-O Bb7 10. b4 c5 11. bxc5 bxc5 12. Rb1 Ba6 13. cxd5 Bxe2 14. Ngxe2 Nxd5 15.
Bb2 Nxc3 16. Bxc3 Nd7 17. Qa4 cxd4 18. Nxd4 Nc5 19. Qc2 Rc8 20. Rfd1 Qh4 21. Be1
Qe4 22. Qxe4 1/2-1/2

[Event "2nd Washington Int"]
[Site "Rockville USA"]
[Date "2013.08.07"]
[Round "4.11"]
[White "Sevian, Samuel"]
[Black "Ludwig, Daniel"]
[Result "0-1"]
[WhiteTitle "FM"]
[BlackTitle "IM"]
[WhiteElo "2388"]
[BlackElo "2479"]
[WhiteFideId "2040506"]
[BlackFideId "2024322"]
[EventDate "2013.08.06"]

1. e4 c5 2. Nf3 d6 3. d4 cxd4 4. Nxd4 Nf6 5. Nc3 e6 6. g4 h6 7. h3 a6 8. Bg2
Nbd7 9. f4 Qc7 10. Qe2 e5 11. Nf5 Nb6 12. Be3 g6 13. Ng3 Nc4 14. O-O-O Nxe3 15.
Qxe3 exf4 16. Qxf4 Be7 17. Kb1 Be6 18. Rhf1 Rc8 19. Rf2 Nd7 20. Nd5 Bxd5 21.
Rxd5 Rh7 22. Bf1 Ne5 23. Qd2 Kf8 24. Bd3 Kg7 25. Ne2 Bg5 26. Nf4 Qe7 27. a3 Rc6
28. Ka2 h5 29. gxh5 Bxf4 30. Rxf4 Rxh5 31. Qg2 Qe6 32. Rf5 Rh8 33. b3 Kf8 34.
Rf2 Rxh3 35. Qg5 Kg7 36. Qd2 Rh4 37. Qg5 Rh8 38. Qd2 b5 39. Bf1 Rh4 40. Bd3 Rc5
41. Qg5 Rh8 42. Qf4 Rxd5 43. exd5 Nxd3 44. Qd4+ Qe5 45. Qxd3 Rh5 46. Rd2 Rh1 47.
c3 Qe1 48. Qd4+ Kg8 0-1

[Event "2nd Washington Int"]
[Site "Rockville USA"]
[Date "2013.08.07"]
[Round "4.12"]
[White "Sarkar, Justin"]
[Black "Barron, Michael"]
[Result "1-0"]
[WhiteTitle "IM"]
[BlackTitle "FM"]
[WhiteElo "2437"]
[BlackElo "2177"]
[WhiteFideId "2010011"]
[BlackFideId "2605120"]
[EventDate "2013.08.06"]

1. d4 f5 2. c4 Nf6 3. Nc3 d6 4. g3 g6 5. Bg2 Bg7 6. Nf3 O-O 7. O-O Qe8 8. d5 a5
9. Be3 e5 10. dxe6 Qxe6 11. c5 h6 12. cxd6 c6 13. Qb3 Kh7 14. Rfd1 Rd8 15. Qxe6
Bxe6 16. Bb6 Re8 17. Nd4 Nbd7 18. Nxe6 Rxe6 19. Bc7 Ne8 20. e4 Bf6 21. f4 Nxc7
22. dxc7 Nb6 23. Bh3 Re7 24. exf5 Rxc7 25. Ne4 Bxb2 26. Rab1 Nc4 27. fxg6+ Kxg6
28. Bf1 Ne3 29. Rd6+ Kf5 30. Bd3 Ba3 31. Nf2# 1-0

[Event "2nd Washington Int"]
[Site "Rockville USA"]
[Date "2013.08.07"]
[Round "4.14"]
[White "Molner, Mackenzie"]
[Black "Arias, Mario"]
[Result "1-0"]
[WhiteTitle "IM"]
[WhiteElo "2506"]
[BlackElo "2159"]
[WhiteFideId "2021722"]
[BlackFideId "3800660"]
[EventDate "2013.08.06"]

1. Nf3 Nf6 2. c4 g6 3. Nc3 Bg7 4. e4 d6 5. d4 O-O 6. Be2 e5 7. O-O Na6 8. Be3
Ng4 9. Bg5 Qe8 10. dxe5 Nxe5 11. Nd4 Nc6 12. Ndb5 f6 13. Be3 Qf7 14. Rc1 Re8 15.
a3 Nc5 16. Nd5 Ne6 17. Bg4 Ncd8 18. Nxa7 h5 19. Bh3 f5 20. exf5 gxf5 21. Nxc8
Rxc8 22. Qc2 Nc6 23. Bxf5 Ned4 24. Bg6 Qe6 25. Qb1 Ne2+ 26. Kh1 Rf8 27. Rce1 Qg4
28. Qe4 Qxe4 29. Bxe4 Ned4 30. b4 Kf7 31. Nf4 Be5 32. Nxh5 Rh8 33. f4 Rxh5 34.
fxe5+ Kg7 35. b5 Rch8 36. bxc6 Rxh2+ 37. Kg1 Rh1+ 38. Kf2 Rf8+ 39. Bf3 Rxf1+ 40.
Rxf1 Nxf3 41. gxf3 bxc6 42. Rg1+ Kf7 43. exd6 cxd6 44. Rh1 Ra8 45. Rh6 Ra4 46.
Rxd6 Rxc4 47. Rd4 Rc2+ 48. Rd2 Rc4 49. Ra2 Rh4 50. Kg3 Ra4 51. Bc5 Rc4 52. Bf2
Ra4 53. f4 Ke6 54. Kg4 Kd5 55. Rd2+ Ke6 56. Bc5 Rc4 57. Rd6+ Kf7 58. Rxc6 Rc2
59. Kf5 1-0

[Event "2nd Washington Int"]
[Site "Rockville USA"]
[Date "2013.08.07"]
[Round "4.15"]
[White "Martin Del Campo C., Roberto"]
[Black "Uesugi, Shinsaku"]
[Result "0-1"]
[WhiteTitle "IM"]
[BlackTitle "FM"]
[WhiteElo "2386"]
[BlackElo "2292"]
[WhiteFideId "5100046"]
[BlackFideId "2024578"]
[EventDate "2013.08.06"]

1. e4 c5 2. Nf3 g6 3. d4 cxd4 4. Nxd4 Bg7 5. Be2 Nf6 6. Nc3 Nc6 7. Nb3 O-O 8.
O-O d6 9. Re1 a5 10. a4 Be6 11. Bf1 Nb4 12. Nd4 Rc8 13. Nxe6 fxe6 14. g3 d5 15.
e5 Nd7 16. Bh3 Rc6 17. f4 d4 18. Nb5 Nxc2 19. Nxd4 Qb6 20. Be3 Nxe3 21. Rxe3
Nxe5 22. Kh1 Rd8 23. Re4 Nf7 24. Nxc6 Rxd1+ 25. Rxd1 Qxc6 26. Bg2 Qc2 27. Rde1
Qxb2 28. Rxe6 Bf6 29. g4 h6 30. h4 Qf2 31. Bh3 Qf3+ 32. Kh2 Bxh4 33. R1e3 Bg3+ 0-1

[Event "2nd Washington Int"]
[Site "Rockville USA"]
[Date "2013.08.07"]
[Round "4.16"]
[White "Piasetski, Leon"]
[Black "Almeida Saenz, Alfonso"]
[Result "1/2-1/2"]
[WhiteTitle "IM"]
[BlackTitle "IM"]
[WhiteElo "2286"]
[BlackElo "2352"]
[WhiteFideId "2600072"]
[BlackFideId "5100321"]
[EventDate "2013.08.06"]

1. Nf3 d5 2. d4 Nf6 3. c4 c6 4. e3 e6 5. b3 Bb4+ 6. Nbd2 c5 7. dxc5 Nc6 8. Bb2
O-O 9. Qc2 Qe7 10. cxd5 exd5 11. Bd3 Bxc5 12. Bxf6 Qxf6 13. O-O Ba3 14. Rad1 Nb4
15. Qb1 h6 16. Nd4 Bg4 17. Be2 Bd7 18. N2f3 a6 19. Ne1 Nc6 20. Nec2 Bd6 21. Bf3
Rfd8 22. g3 Ne7 23. Rd2 Rac8 24. Rc1 g6 25. Kg2 h5 26. h4 Nf5 27. Rh1 Bc6 28.
Nxf5 Qxf5 29. Nd4 Qf6 30. Qd3 a5 31. Rc2 Be5 32. Rhc1 Bxd4 33. Qxd4 Qxd4 34.
exd4 Kf8 35. Rc5 Ra8 36. Re1 Rd6 37. Re5 Ra7 38. Re3 a4 39. b4 b6 40. Rcc3 Bb5
41. Rc8+ Kg7 42. a3 Bc4 43. Bd1 1/2-1/2